[Event "ESP-chT CECLUB Div1"]
[Site "Linares"]
[Date "2023.08.23"]
[Round "4.6"]
[White "Sanleon Pravisano, Nieves"]
[Black "Hernandez Estevez, Yudania"]
[Result "1/2-1/2"]
[WhiteElo "2024"]
[BlackElo "2160"]
[PlyCount "87"]
[EventDate "2023.08.20"]
[EventType "team-tourn"]
[EventRounds "7"]
[EventCountry "ESP"]
[SourceTitle "CBM 215 Extra"]
[Source "ChessBase"]
[SourceDate "2023.09.30"]
[SourceVersion "1"]
[SourceVersionDate "2023.09.30"]
[SourceQuality "1"]
[WhiteTeam "Xeraco CE"]
[BlackTeam "Ourense"]
[WhiteTeamCountry "ESP"]
[BlackTeamCountry "ESP"]

1. d4 d5 2. c4 c6 3. Nf3 Nf6 4. Nc3 a6 5. e3 Bg4 6. Qb3 Ra7 7. Ne5 e6 8. Nxg4 Nxg4 9. h3 Nf6 10. cxd5 exd5 11. Bd3 Bd6 12. 0-0 0-0 13. Bd2 Re8 14. Rfe1 Ne4 15. Qc2 Qe7 16. f3 Nxd2 17. Qxd2 Qf6 18. Qf2 Qg5 19. f4 Qd8 20. e4 dxe4 21. Nxe4 Bb4 22. Re2 Nd7 23. a3 Bf8 24. Rae1 g6 25. f5 Ra8 26. fxg6 fxg6 27. Bc4+ Kh8 28. Ng5 Rxe2 29. Nf7+ Kg7 30. Rxe2 Qf6 31. Qe3 Qh4 32. Ng5 Nf6 33. g3 Qh5 34. Qf4 Nd5 35. Ne6+ Kg8 36. Qf2 Bd6 37. Bxd5 Qxd5 38. Qf6 Bf8 39. Rf2 Bh6 40. Qf7+ Kh8 41. Qf6+ Kg8 42. Qf7+ Kh8 43. Qf6+ Kg8 44. Qf7+ 1/2-1/2

[Event "ESP-ch 87th"]
[Site "Linares"]
[Date "2022.08.18"]
[Round "9"]
[White "Hernandez Estevez, Yudania"]
[Black "Masague Artero, Guerau"]
[Result "0-1"]
[WhiteElo "2193"]
[BlackElo "2319"]
[PlyCount "78"]
[EventDate "2022.08.11"]
[EventType "swiss"]
[EventRounds "9"]
[EventCountry "ESP"]
[SourceTitle "CBM 209 Extra"]
[Source "ChessBase"]
[SourceDate "2022.09.30"]
[SourceVersion "1"]
[SourceVersionDate "2022.09.30"]
[SourceQuality "1"]

1. e4 c5 2. Nf3 Nc6 3. Bb5 e6 4. 0-0 Nge7 5. b3 Nd4 6. Nc3 Nxb5 7. Nxb5 d5 8. d3 a6 9. Nc3 d4 10. Ne2 Nc6 11. Bf4 Be7 12. Ng3 h5 13. e5 g5 14. Bc1 g4 15. Nd2 Nxe5 16. b4 cxb4 17. Re1 Ng6 18. Nc4 h4 19. Nf1 f5 20. Qe2 Bf6 21. a4 a5 22. f3 g3 23. Bd2 Qc7 24. Reb1 Ra6 25. Qe1 gxh2+ 26. Kh1 Rc6 27. Qc1 b6 28. Bg5 Bg7 29. Qd2 Bb7 30. Re1 Rh5 31. f4 h3 32. Nxh2 hxg2+ 33. Kg1 Rxg5 34. fxg5 Nf4 35. Nf3 Rxc4 36. dxc4 Bxf3 37. Kf2 Be4 38. Rxe4 fxe4 39. Qd1 d3 0-1

[Event "ESP-chT CECLUB Honor"]
[Site "Toledo"]
[Date "2021.10.17"]
[Round "7.2"]
[White "Hernandez Estevez, Yudania"]
[Black "Alonso Rosell, Alvar"]
[Result "0-1"]
[WhiteElo "2193"]
[BlackElo "2570"]
[PlyCount "69"]
[EventDate "2021.10.11"]
[EventType "team-tourn"]
[EventRounds "7"]
[EventCountry "ESP"]
[SourceTitle "CBM 204 Extra"]
[Source "ChessBase"]
[SourceDate "2021.11.30"]
[SourceVersion "1"]
[SourceVersionDate "2021.11.30"]
[SourceQuality "1"]
[WhiteTeam "Ourense Deportivo"]
[BlackTeam "Silla Bosch Serinsys"]
[WhiteTeamCountry "ESP"]
[BlackTeamCountry "ESP"]

1. e4 e5 2. Nf3 Nc6 3. Bb5 a6 4. Ba4 Nf6 5. 0-0 d6 6. Bxc6+ bxc6 7. d4 exd4 8. Qxd4 Be7 9. c4 0-0 10. Nc3 Bg4 11. Ne1 Nd7 12. Nc2 Be6 13. Ne3 Bf6 14. Qd2 Nc5 15. f3 a5 16. Rb1 a4 17. Qc2 Bd4 18. Ne2 Bf6 19. Bd2 Re8 20. Rfd1 Bd7 21. Be1 Bh4 22. Bc3 Qe7 23. Nd4 g6 24. Nf1 Rab8 25. Qd2 Bg5 26. Qf2 Bf6 27. Ne3 Bh4 28. g3 Bf6 29. h4 Be5 30. Rd2 a3 31. b3 f5 32. Re1 fxe4 33. f4 Bf6 34. Nec2 Qg7 35. Rde2 0-1

[Event "ESP-chT CECLUB Div1"]
[Site "Linares"]
[Date "2020.10.08"]
[Round "6.5"]
[White "Hernandez Estevez, Yudania"]
[Black "Korneev, Svyatoslav"]
[Result "0-1"]
[WhiteElo "2197"]
[BlackElo "2170"]
[PlyCount "60"]
[EventDate "2020.10.03"]
[EventType "team-tourn"]
[EventRounds "7"]
[EventCountry "ESP"]
[SourceTitle "CBM 198 Extra"]
[Source "ChessBase"]
[SourceDate "2020.11.30"]
[SourceVersion "1"]
[SourceVersionDate "2020.11.30"]
[SourceQuality "1"]
[WhiteTeam "Ourense Deportivo"]
[BlackTeam "Santa Lucia Grandama"]
[WhiteTeamCountry "ESP"]
[BlackTeamCountry "ESP"]

1. e4 e6 2. d4 d5 3. Nd2 c5 4. exd5 Qxd5 5. dxc5 Nf6 6. Ngf3 Bxc5 7. Bc4 Qc6 8. Qe2 a6 9. Nb3 Bd6 10. Bg5 b5 11. Bd3 Nbd7 12. 0-0 0-0 13. a4 b4 14. Na5 Qc7 15. Nc4 Bf4 16. Rfe1 Bb7 17. Bxf6 Nxf6 18. Nfe5 Rad8 19. Nd2 a5 20. Ndf3 Rd5 21. b3 Rfd8 22. g3 Bxe5 23. Nxe5 Rxe5 24. Qxe5 Qc6 25. Kf1 Qg2+ 26. Ke2 Bf3+ 27. Kd2 Qxf2+ 28. Re2 Bxe2 29. Qxe2 Ne4+ 30. Kc1 Qg1+ 0-1

[Event "ESP-ch rapid"]
[Site "Linares"]
[Date "2019.08.24"]
[Round "7"]
[White "Hernandez Estevez, Yudania"]
[Black "Garrido Outon, Alex"]
[Result "0-1"]
[WhiteElo "2247"]
[BlackElo "2231"]
[PlyCount "90"]
[EventDate "2019.08.24"]
[EventType "swiss (rapid)"]
[EventRounds "9"]
[EventCountry "ESP"]
[SourceTitle "EXT 2020"]
[Source "ChessBase"]
[SourceDate "2019.10.17"]
[SourceVersion "1"]
[SourceVersionDate "2019.10.17"]
[SourceQuality "1"]

1. e4 e5 2. Nf3 Nc6 3. Bb5 a6 4. Ba4 Nf6 5. d3 b5 6. Bb3 Be7 7. 0-0 0-0 8. Re1 Re8 9. Nc3 d6 10. Nd5 Na5 11. Nxe7+ Qxe7 12. c3 Nxb3 13. Qxb3 Bg4 14. Nd2 Nd7 15. d4 c5 16. f3 Bh5 17. a4 cxd4 18. cxd4 exd4 19. axb5 Nc5 20. Qd5 Nd3 21. Rd1 Nf4 22. Qf5 Ne2+ 23. Kf1 Bg6 24. Qd5 Nf4 25. Qxd4 Qg5 26. g3 Ne6 27. Qd3 d5 28. Rxa6 Rxa6 29. bxa6 Qh5 30. Kg2 Ng5 31. Qxd5 Bxe4 32. Qxg5 Qxg5 33. Nxe4 Qb5 34. a7 f5 35. Nd6 Qe2+ 36. Kh3 Qxd1 37. Nxe8 Qa4 38. Nd6 Qxa7 39. Bf4 Qf2 40. Nxf5 Qxb2 41. Nd6 h6 42. Ne4 Qe2 43. Bd6 Qxf3 44. Nc5 Qf1+ 45. Kg4 Qd1+ 0-1

[Event "ESP-ch rapid"]
[Site "Linares"]
[Date "2019.08.24"]
[Round "6"]
[White "Lopez Varela, Pablo"]
[Black "Hernandez Estevez, Yudania"]
[Result "1/2-1/2"]
[WhiteElo "2020"]
[BlackElo "2247"]
[PlyCount "156"]
[EventDate "2019.08.24"]
[EventType "swiss (rapid)"]
[EventRounds "9"]
[EventCountry "ESP"]
[SourceTitle "EXT 2020"]
[Source "ChessBase"]
[SourceDate "2019.10.17"]
[SourceVersion "1"]
[SourceVersionDate "2019.10.17"]
[SourceQuality "1"]

1. e4 c6 2. Nc3 d5 3. Nf3 Bg4 4. h3 Bxf3 5. Qxf3 e6 6. d3 Nf6 7. Bd2 g6 8. 0-0-0 Bg7 9. g4 Nbd7 10. Qg3 Qb6 11. e5 Ng8 12. f4 g5 13. Kb1 Ne7 14. Ne2 c5 15. c3 Nc6 16. fxg5 Ndxe5 17. Bg2 0-0-0 18. Rhf1 Rd7 19. Nf4 Ng6 20. Nh5 Be5 21. Qf2 a5 22. Nf6 Rc7 23. h4 a4 24. h5 Nge7 25. Rfe1 Ng8 26. Nxh7 Rxh7 27. g6 Rg7 28. h6 Nxh6 29. Bxh6 Rxg6 30. Bf4 Bxf4 31. Qxf4 a3 32. b3 Qa5 33. Rc1 Qb5 34. c4 Qb4 35. Rh1 Rg8 36. Rh7 Nd4 37. cxd5 e5 38. Qf2 Kb8 39. d6 Rd7 40. Rxf7 Nxb3 41. Rxd7 Nd2+ 42. Kc2 Ne4 43. Bxe4 Qb2+ 44. Kd1 Qxf2 45. Rxb7+ Kc8 46. d7+ Kd8 47. Rb8+ Kxd7 48. Rxg8 Qxa2 49. Rg7+ Kd6 50. Rg6+ Ke7 51. Ra6 Qb3+ 52. Rc2 Qb1+ 53. Kd2 Qb4+ 54. Ke2 Qb1 55. d4 exd4 56. Rxa3 Qb5+ 57. Bd3 Qd7 58. Rxc5 Qxg4+ 59. Kd2 Qf4+ 60. Kc2 Qf2+ 61. Kb3 Kd6 62. Rb5 Qe3 63. Ra6+ Kc7 64. Kc4 Qf2 65. Rc5+ Kb7 66. Raa5 Qf7+ 67. Rd5 Qc7+ 68. Rac5 Qf7 69. Kxd4 Qf2+ 70. Kc4 Qa2+ 71. Kd4 Qf2+ 72. Kc3 Kb6 73. Rb5+ Kc6 74. Be4 Qe3+ 75. Bd3 Qe1+ 76. Kb2 Qd2+ 77. Bc2 Qxd5 78. Rxd5 Kxd5 1/2-1/2

[Event "EU-ch (Women) 20th"]
[Site "Antalya"]
[Date "2019.04.21"]
[Round "10"]
[White "Hernandez Estevez, Yudania"]
[Black "Milliet, Sophie"]
[Result "1/2-1/2"]
[WhiteElo "2198"]
[BlackElo "2394"]
[PlyCount "79"]
[EventDate "2019.04.11"]
[EventType "swiss"]
[EventRounds "11"]
[EventCountry "TUR"]
[SourceTitle "CBM 190"]
[Source "ChessBase"]
[SourceDate "2019.06.30"]
[SourceVersion "1"]
[SourceVersionDate "2019.06.30"]
[SourceQuality "1"]

1. e4 c5 2. Nf3 d6 3. d4 cxd4 4. Nxd4 Nf6 5. Nc3 a6 6. h3 e5 7. Nb3 Be6 8. f4 g6 9. Be3 exf4 10. Bxf4 Nh5 11. Be3 Be7 12. Qf3 Bh4+ 13. Bf2 Nc6 14. Bxh4 Qxh4+ 15. Qf2 Qxf2+ 16. Kxf2 0-0 17. Be2 Nf6 18. Rad1 Rfd8 19. Rd2 b5 20. a3 b4 21. axb4 Nxb4 22. Na5 Rab8 23. Rhd1 Rdc8 24. Rxd6 Na2 25. Bd3 Rxb2 26. Nxa2 Rxa2 27. Nc6 Kf8 28. Nb4 Rb2 29. Nxa6 Rcxc2+ 30. Bxc2 Nxe4+ 31. Kg1 Nxd6 32. Bxg6 hxg6 33. Rxd6 Bf5 34. Nc5 Rc2 35. Nb3 Rb2 36. Nd2 Kg7 37. Nf3 Be4 38. Rd2 Rb1+ 39. Kf2 Bxf3 40. Kxf3 1/2-1/2

[Event "EU-ch (Women) 20th"]
[Site "Antalya"]
[Date "2019.04.19"]
[Round "8"]
[White "Hernandez Estevez, Yudania"]
[Black "Guichard, Pauline"]
[Result "0-1"]
[WhiteElo "2198"]
[BlackElo "2392"]
[PlyCount "68"]
[EventDate "2019.04.11"]
[EventType "swiss"]
[EventRounds "11"]
[EventCountry "TUR"]
[SourceTitle "CBM 190"]
[Source "ChessBase"]
[SourceDate "2019.06.30"]
[SourceVersion "1"]
[SourceVersionDate "2019.06.30"]
[SourceQuality "1"]

1. e4 e5 2. Nf3 Nc6 3. Bb5 Nf6 4. 0-0 Nxe4 5. d4 Nd6 6. Bxc6 dxc6 7. dxe5 Nf5 8. Qxd8+ Kxd8 9. Nc3 Be7 10. Rd1+ Ke8 11. b3 Nh4 12. Nxh4 Bxh4 13. Ne2 a5 14. Be3 Be7 15. h3 h5 16. c4 h4 17. Nd4 a4 18. Nf3 Bf5 19. Nd4 Bc8 20. Nf3 Rh5 21. Bd4 Bf5 22. Re1 Rh6 23. c5 Rg6 24. Kh2 Be6 25. Nd2 Rd8 26. Be3 Bxc5 27. Ne4 Bb4 28. Re2 Bd5 29. f3 Bxe4 30. fxe4 Bc3 31. Rf1 axb3 32. axb3 Bxe5+ 33. Bf4 Rf6 34. Ref2 Rxf4 0-1

[Event "EU-ch (Women) 20th"]
[Site "Antalya"]
[Date "2019.04.18"]
[Round "7"]
[White "Melia, Salome"]
[Black "Hernandez Estevez, Yudania"]
[Result "0-1"]
[WhiteElo "2393"]
[BlackElo "2198"]
[PlyCount "92"]
[EventDate "2019.04.11"]
[EventType "swiss"]
[EventRounds "11"]
[EventCountry "TUR"]
[SourceTitle "CBM 190"]
[Source "ChessBase"]
[SourceDate "2019.06.30"]
[SourceVersion "1"]
[SourceVersionDate "2019.06.30"]
[SourceQuality "1"]

1. e4 d6 2. d4 Nf6 3. Nc3 g6 4. g3 Bg7 5. Bg2 0-0 6. Nge2 Nbd7 7. 0-0 c5 8. dxc5 Nxc5 9. h3 Bd7 10. Be3 Rc8 11. a4 b6 12. g4 a6 13. Ng3 b5 14. axb5 axb5 15. Nce2 Qc7 16. Qd2 Na4 17. b3 Nc5 18. Ra2 Bc6 19. f3 Ra8 20. Rxa8 Rxa8 21. Nd4 Bd7 22. g5 Ne8 23. f4 e5 24. fxe5 dxe5 25. Nde2 Ne6 26. Nf5 gxf5 27. exf5 Rc8 28. fxe6 Bxe6 29. Rc1 Nd6 30. Ng3 Nf5 31. Nxf5 Bxf5 32. c4 bxc4 33. bxc4 e4 34. Qf2 Qd7 35. h4 Rb8 36. c5 Rb2 37. c6 Qd3 38. Qe1 Re2 39. Qg3 Rxe3 40. Qb8+ Bf8 41. c7 Qd4 42. Kh1 Rc3 43. Qb1 Rxc1+ 44. Qxc1 e3 45. c8Q Bxc8 46. Qxc8 e2 0-1

[Event "Roquetas de Mar op 30th"]
[Site "Roquetas de Mar"]
[Date "2019.01.03"]
[Round "2"]
[White "Sosa, Tomas Sebastian"]
[Black "Hernandez Estevez, Yudania"]
[Result "1-0"]
[WhiteElo "2488"]
[BlackElo "2219"]
[PlyCount "109"]
[EventDate "2019.01.02"]
[EventType "swiss"]
[EventRounds "9"]
[EventCountry "ESP"]
[SourceTitle "CBM 188 Extra"]
[Source "ChessBase"]
[SourceDate "2019.02.26"]
[SourceVersion "1"]
[SourceVersionDate "2019.02.26"]
[SourceQuality "1"]

1. e4 c6 2. d4 d5 3. e5 Bf5 4. h4 h6 5. g4 Bc8 6. h5 e6 7. f4 Ne7 8. Nf3 c5 9. c3 Nec6 10. Kf2 Qb6 11. Kg3 Be7 12. Bd3 Na6 13. a3 Nc7 14. Bc2 Bd7 15. Rh2 0-0-0 16. dxc5 Bxc5 17. b4 Be3 18. Bxe3 Qxe3 19. Qd3 Qb6 20. Nbd2 f6 21. Re2 Rhf8 22. a4 fxe5 23. fxe5 d4 24. Nc4 Qa6 25. Nd6+ Kb8 26. b5 Nxe5 27. bxa6 Nxd3 28. Bxd3 Bc6 29. Ne4 Nd5 30. Nxd4 Nxc3 31. Nxc3 Rxd4 32. Be4 Rc4 33. Ra3 bxa6 34. Bxc6 Rxc6 35. Rb3+ Kc7 36. Ne4 Rd8 37. Rd2 Rd5 38. Kf4 Ra5 39. Rb4 Rc1 40. Rd3 Rf1+ 41. Rf3 Rc1 42. Rc3+ Rxc3 43. Nxc3 Kd6 44. Rb7 Kc5 45. Rxg7 Kd4 46. Rc7 e5+ 47. Kf3 e4+ 48. Nxe4 Rxa4 49. Rd7+ Ke5 50. Re7+ Kd4 51. Ng3 Ra1 52. Rxa7 a5 53. g5 hxg5 54. h6 Ra2 55. Ne2+ 1-0

[Event "Olympiad Women-43"]
[Site "Batumi"]
[Date "2018.10.05"]
[Round "11.4"]
[White "Hernandez Estevez, Yudania"]
[Black "Kulon, Klaudia"]
[Result "1-0"]
[WhiteElo "2192"]
[BlackElo "2347"]
[PlyCount "107"]
[EventDate "2018.09.24"]
[EventType "team-swiss"]
[EventRounds "11"]
[EventCountry "GEO"]
[SourceTitle "EXT 2020"]
[Source "ChessBase"]
[SourceDate "2019.10.17"]
[SourceVersion "1"]
[SourceVersionDate "2019.10.17"]
[SourceQuality "1"]
[WhiteTeam "Spain (W)"]
[BlackTeam "Poland (W)"]
[WhiteTeamCountry "ESP"]
[BlackTeamCountry "POL"]

1. e4 c5 2. Nf3 Nc6 3. Bb5 g6 4. Bxc6 dxc6 5. d3 Bg7 6. h3 Nf6 7. Nc3 0-0 8. Be3 b6 9. Qd2 e5 10. Bh6 Qd6 11. 0-0 Nh5 12. Bxg7 Kxg7 13. Ne2 f5 14. Qc3 fxe4 15. dxe4 Qf6 16. Ng3 Nxg3 17. fxg3 Ba6 18. Rfe1 Rfe8 19. a4 c4 20. Rad1 Qe7 21. Kh2 b5 22. Qa5 Qb7 23. axb5 Bxb5 24. Rd6 Re7 25. Red1 Rae8 26. Qc3 Kg8 27. Qe3 Qc7 28. R1d2 a5 29. Qh6 c3 30. bxc3 c5 31. Ng5 a4 32. Rf6 Rg7 33. Rdf2 Qe7 34. Rf7 Rxf7 35. Rxf7 Qxf7 36. Nxf7 Kxf7 37. Qxh7+ Kf6 38. Qb7 Be2 39. Qc6+ Re6 40. Qxa4 Bd1 41. g4 Rd6 42. Kg3 Rd3+ 43. Kh4 g5+ 44. Kh5 Rd6 45. Qe8 Bxc2 46. h4 Rd1 47. hxg5+ Kg7 48. Qe7+ Kg8 49. g6 Rh1+ 50. Kg5 Bb3 51. Qd8+ Kg7 52. Qc7+ Kh8 53. Qxe5+ Kg8 54. Qb8+ 1-0

[Event "Olympiad Women-43"]
[Site "Batumi"]
[Date "2018.10.02"]
[Round "8.4"]
[White "Sherif, Amina"]
[Black "Hernandez Estevez, Yudania"]
[Result "0-1"]
[WhiteElo "1946"]
[BlackElo "2192"]
[PlyCount "183"]
[EventDate "2018.09.24"]
[EventType "team-swiss"]
[EventRounds "11"]
[EventCountry "GEO"]
[SourceTitle "EXT 2020"]
[Source "ChessBase"]
[SourceDate "2019.10.17"]
[SourceVersion "1"]
[SourceVersionDate "2019.10.17"]
[SourceQuality "1"]
[WhiteTeam "Egypt (W)"]
[BlackTeam "Spain (W)"]
[WhiteTeamCountry "EGY"]
[BlackTeamCountry "ESP"]

1. Nf3 d5 2. g3 Nf6 3. Bg2 g6 4. 0-0 Bg7 5. d4 0-0 6. Nbd2 c6 7. Re1 Bf5 8. c3 Nbd7 9. h3 h6 10. g4 Be4 11. Nxe4 Nxe4 12. c4 e6 13. Be3 f5 14. cxd5 exd5 15. gxf5 Rxf5 16. Nd2 Nxd2 17. Qxd2 Qh4 18. f3 Raf8 19. Bf2 Qd8 20. Qb4 Qc7 21. Rac1 Nf6 22. Rc2 Ne4 23. Bh4 Ng5 24. Rd1 Qf4 25. Bf2 R8f7 26. Qd2 Qd6 27. Qe1 Qe7 28. Bg3 Kh7 29. Rcd2 Rf8 30. h4 Ne6 31. Bh3 R5f7 32. Bxe6 Qxe6 33. Kg2 Re8 34. Rc2 Rf5 35. Qb4 Qf7 36. Qb3 Qe7 37. Qd3 Bf6 38. Rh1 Rh5 39. Rd2 Bxh4 40. Rdd1 Qg5 41. Rh3 Bxg3 42. Rxg3 Qf5 43. Qd2 Qe6 44. Re1 Qe7 45. Rg4 Qe3 46. Qxe3 Rxe3 47. Kf2 Re6 48. Rg2 Rh4 49. e3 g5 50. Rc1 Rh3 51. Rc3 Kg6 52. b4 a6 53. a4 Rh1 54. Rg1 Rxg1 55. Kxg1 h5 56. Kf2 h4 57. Rc1 Kf5 58. Rb1 Rg6 59. Rh1 Rh6 60. Rg1 Rh8 61. Kg2 a5 62. bxa5 Ra8 63. Rb1 Rxa5 64. Rxb7 Rxa4 65. Rf7+ Kg6 66. Re7 Ra2+ 67. Kh3 Rf2 68. f4 gxf4 69. Kxh4 fxe3 70. Rxe3 Rg2 71. Kh3 Rg1 72. Kh2 Rg5 73. Kh3 Kf5 74. Re5+ Kf4 75. Re6 Kf3 76. Kh2 Rg4 77. Rxc6 Ke4 78. Ra6 Kd3 79. Ra3+ Kc4 80. Ra4+ Kc3 81. Ra3+ Kb4 82. Ra8 Rxd4 83. Kg3 Re4 84. Kf3 Re7 85. Rc8 d4 86. Rd8 Kc3 87. Rc8+ Kd2 88. Rd8 d3 89. Rc8 Kd1 90. Rd8 d2 91. Rf8 Ke1 92. Rf5 0-1

[Event "Olympiad Women-43"]
[Site "Batumi"]
[Date "2018.09.25"]
[Round "2.7"]
[White "Hamid, Rani"]
[Black "Hernandez Estevez, Yudania"]
[Result "1-0"]
[WhiteElo "1909"]
[BlackElo "2192"]
[PlyCount "103"]
[EventDate "2018.09.24"]
[EventType "team-swiss"]
[EventRounds "11"]
[EventCountry "GEO"]
[SourceTitle "EXT 2020"]
[Source "ChessBase"]
[SourceDate "2019.10.17"]
[SourceVersion "1"]
[SourceVersionDate "2019.10.17"]
[SourceQuality "1"]
[WhiteTeam "Bangladesh (W)"]
[BlackTeam "Spain (W)"]
[WhiteTeamCountry "BAN"]
[BlackTeamCountry "ESP"]

1. e4 e5 2. Nf3 Nc6 3. Bb5 f5 4. d3 Nf6 5. Bg5 Bc5 6. 0-0 0-0 7. Nc3 d6 8. Nd5 Be6 9. Bc4 Qd7 10. Bxf6 gxf6 11. exf5 Bxd5 12. Bxd5+ Kh8 13. Be6 Qe8 14. c3 Nd8 15. Bb3 Qh5 16. d4 Bb6 17. Qd3 Nc6 18. Rae1 Rad8 19. Be6 Rg8 20. Bxg8 Rxg8 21. Kh1 Rg4 22. g3 Ne7 23. Nh4 Qf7 24. dxe5 fxe5 25. Qf3 Rg5 26. f6 Nd5 27. Qg2 c6 28. c4 Nxf6 29. f4 Rh5 30. fxe5 dxe5 31. Qf3 Rh6 32. b3 Qe6 33. Qf5 Ng4 34. Qf8+ Qg8 35. Qxg8+ Kxg8 36. Rf5 Nf2+ 37. Kg2 Nd3 38. Ref1 Bc5 39. Rg5+ Kh8 40. Rf7 e4 41. Rxb7 Rf6 42. Rb8+ Rf8 43. Rxf8+ Bxf8 44. Nf5 Nc1 45. Rg4 Nxa2 46. Rxe4 Kg8 47. Ne7+ Kf7 48. Nxc6 Nc1 49. b4 Nd3 50. c5 a6 51. Re3 Nb2 52. Ra3 1-0

[Event "ESP-chT CECLUB Div2"]
[Site "Linares"]
[Date "2018.08.16"]
[Round "4.1"]
[White "Hernandez Estevez, Yudania"]
[Black "Garcia Martin, Marta"]
[Result "1-0"]
[WhiteElo "2192"]
[BlackElo "2361"]
[PlyCount "117"]
[EventDate "2018.08.14"]
[EventType "team-swiss"]
[EventRounds "7"]
[EventCountry "ESP"]
[SourceTitle "CBM 186 Extra"]
[Source "ChessBase"]
[SourceDate "2018.08.24"]
[SourceVersion "1"]
[SourceVersionDate "2018.08.24"]
[SourceQuality "1"]
[WhiteTeam "Ourense Deportivo"]
[BlackTeam "Paterna Laboratorio SyS"]
[WhiteTeamCountry "ESP"]
[BlackTeamCountry "ESP"]

1. e4 c5 2. Nf3 e6 3. d4 cxd4 4. Nxd4 Nc6 5. Nc3 Qc7 6. Be2 Nf6 7. Be3 a6 8. 0-0 Bb4 9. Nxc6 bxc6 10. Na4 Be7 11. Nb6 Rb8 12. Nxc8 Qxc8 13. Bd4 c5 14. Be5 Rb6 15. b3 Nxe4 16. Bxg7 Rg8 17. Bb2 Rd6 18. Bd3 Bf6 19. Bxf6 Nxf6 20. Qe2 Qc6 21. f4 Rd4 22. Rf2 Ng4 23. Rf3 Qd6 24. Raf1 f5 25. Qe1 Kf7 26. a4 Nf6 27. h3 Qc6 28. Qh4 Rg7 29. Rg3 Rxg3 30. Qxg3 Rb4 31. Qh4 Rb8 32. g4 Rg8 33. g5 Rg7 34. Kh2 Nd5 35. Qh5+ Kf8 36. Qf3 Qd6 37. h4 h6 38. Kg2 hxg5 39. fxg5 Qe5 40. Kh3 a5 41. Qg3 f4 42. Qf3 Ke7 43. Be4 Nc3 44. Qxf4 Qxf4 45. Rxf4 e5 46. Rg4 d5 47. Bf5 Nd1 48. Rg3 e4 49. Kg2 Rf7 50. g6 Ne3+ 51. Rxe3 Rxf5 52. c4 Kf6 53. Rg3 Kg7 54. cxd5 Rxd5 55. Kf2 Rd2+ 56. Ke3 Rh2 57. Kxe4 Rxh4+ 58. Kd5 Rh5+ 59. Kc6 1-0

[Event "Portugal-Galicia m"]
[Site "Ourense"]
[Date "2018.06.16"]
[Round "1"]
[White "Hernandez Estevez, Yudania"]
[Black "Silva, Mariana Sofia Teixe"]
[Result "1-0"]
[WhiteElo "2192"]
[BlackElo "1942"]
[PlyCount "87"]
[EventDate "2018.06.16"]
[EventType "team-match"]
[EventRounds "1"]
[EventCountry "ESP"]
[SourceTitle "CBM 184 Extra"]
[Source "ChessBase"]
[SourceDate "2018.06.28"]
[SourceVersion "1"]
[SourceVersionDate "2018.06.28"]
[SourceQuality "1"]
[WhiteTeam "Galicia"]
[BlackTeam "Portugal"]
[WhiteTeamCountry "ESP"]
[BlackTeamCountry "POR"]

1. e4 c5 2. Nf3 Nc6 3. d4 cxd4 4. Nxd4 g6 5. Nc3 Bg7 6. Nb3 Nf6 7. Be2 0-0 8. 0-0 d6 9. Re1 Bd7 10. Bf1 Rc8 11. Nd5 Re8 12. c3 Ne5 13. Bg5 Nxd5 14. exd5 b5 15. Re4 a5 16. a3 Bf5 17. Rh4 Nc4 18. Qc1 Bd7 19. a4 Nxb2 20. Qxb2 Bxc3 21. Qa2 bxa4 22. Nd4 h6 23. Be3 e5 24. dxe6 Bxe6 25. Nxe6 Qxh4 26. Nf4 Be5 27. g3 Qf6 28. Rd1 Rc3 29. Qxa4 Qd8 30. Nd5 Rc8 31. h4 Re6 32. Bh3 f5 33. Bg2 Kg7 34. Bd4 Qe8 35. Qa1 Rc2 36. Rb1 Qc8 37. Nf4 Re7 38. Nd3 Bxd4 39. Qxd4+ Kh7 40. h5 g5 41. Qxd6 Qe6 42. Qb8 Re8 43. Qb5 Rd8 44. Re1 1-0

[Event "San Sebastian op 41st"]
[Site "San Sebastian"]
[Date "2018.03.26"]
[Round "4"]
[White "Hernandez Estevez, Yudania"]
[Black "Vazquez Igarza, Renier"]
[Result "0-1"]
[WhiteElo "2241"]
[BlackElo "2559"]
[PlyCount "94"]
[EventDate "2018.03.24"]
[EventType "swiss"]
[EventRounds "9"]
[EventCountry "ESP"]
[SourceTitle "CBM 183 Extra"]
[Source "ChessBase"]
[SourceDate "2018.04.19"]
[SourceVersion "1"]
[SourceVersionDate "2018.04.19"]
[SourceQuality "1"]

1. e4 c5 2. Nf3 d6 3. d4 cxd4 4. Nxd4 Nf6 5. Nc3 a6 6. Be2 e6 7. 0-0 Be7 8. Be3 Qc7 9. f4 0-0 10. Kh1 b5 11. a3 Bb7 12. Bd3 Nbd7 13. Qf3 Nc5 14. Rae1 Rac8 15. Bf2 d5 16. e5 Nfe4 17. Bxe4 dxe4 18. Qh5 Rfd8 19. Re3 g6 20. Rg3 Rd7 21. Qh6 Bf8 22. Qg5 Qd8 23. Qxd8 Rcxd8 24. Nce2 Be7 25. Be3 Rd5 26. Rd1 Rc8 27. Nc3 Rdd8 28. Bg1 Kf8 29. Re3 Ke8 30. Ree1 h5 31. Be3 Nd7 32. Nb3 g5 33. Nd4 gxf4 34. Bxf4 Nb6 35. Nxe4 Bxe4 36. Rxe4 Rxc2 37. Rb1 Rc4 38. Be3 Bc5 39. Rd1 Na4 40. b3 Nc3 41. bxc4 Nxd1 42. Bg1 Bxd4 43. Bxd4 bxc4 44. g4 c3 45. Bc5 Rc8 46. Rc4 hxg4 47. a4 Nb2 0-1

[Event "ESP-ch (Women)"]
[Site "Linares"]
[Date "2017.08.25"]
[Round "7"]
[White "Hernandez Estevez, Yudania"]
[Black "Prado Acebo, Ines"]
[Result "1-0"]
[WhiteElo "2211"]
[BlackElo "2107"]
[PlyCount "85"]
[EventDate "2017.08.21"]
[EventType "swiss"]
[EventRounds "9"]
[EventCountry "ESP"]
[SourceTitle "CBM 180 Extra"]
[Source "ChessBase"]
[SourceDate "2017.10.06"]
[SourceVersion "1"]
[SourceVersionDate "2017.10.06"]
[SourceQuality "1"]

1. e4 e6 2. d4 d5 3. Nc3 Bb4 4. Nge2 dxe4 5. a3 Bxc3+ 6. Nxc3 Nc6 7. Bb5 Nge7 8. Be3 0-0 9. Qd2 a6 10. Bxc6 Nxc6 11. 0-0-0 e5 12. d5 Ne7 13. Nxe4 Nf5 14. h3 Nd6 15. Nc3 Bf5 16. f3 Qd7 17. g4 Bg6 18. h4 f6 19. Bc5 Rfd8 20. Qe2 Nb5 21. Ne4 b6 22. Bf2 Re8 23. g5 f5 24. h5 Bf7 25. g6 fxe4 26. gxf7+ Qxf7 27. fxe4 Qf4+ 28. Kb1 Rf8 29. Bh4 Nd4 30. Qc4 Nf3 31. Be1 b5 32. Qd3 Rf6 33. Bc3 Rd8 34. Bb4 Rd7 35. Ka2 Qg4 36. c4 c6 37. cxb5 cxd5 38. bxa6 Qe6 39. Qb5 dxe4+ 40. Ka1 Rxd1+ 41. Rxd1 h6 42. a7 Nd4 43. a8Q+ 1-0

[Event "ESP-ch (Women)"]
[Site "Linares"]
[Date "2017.08.24"]
[Round "5"]
[White "Hernandez Estevez, Yudania"]
[Black "Sosa Suarez, Carla Cristina"]
[Result "1-0"]
[WhiteElo "2211"]
[BlackElo "1911"]
[PlyCount "53"]
[EventDate "2017.08.21"]
[EventType "swiss"]
[EventRounds "9"]
[EventCountry "ESP"]
[SourceTitle "CBM 180 Extra"]
[Source "ChessBase"]
[SourceDate "2017.10.06"]
[SourceVersion "1"]
[SourceVersionDate "2017.10.06"]
[SourceQuality "1"]

1. e4 e6 2. d4 d5 3. Nc3 Nc6 4. Nf3 Nf6 5. e5 Ne4 6. a3 Be7 7. Bd3 Nxc3 8. bxc3 Na5 9. h4 h6 10. Qd2 b6 11. Qf4 Bd7 12. Qg4 Bf8 13. Rh3 Ba4 14. Qh5 Qd7 15. Ng5 hxg5 16. Qxh8 0-0-0 17. Qh5 gxh4 18. Rxh4 c5 19. Rf4 c4 20. Rxf7 Qc6 21. Bg6 Kb8 22. Bg5 Rc8 23. Qf3 Qb5 24. Rxf8 Qb2 25. Rc1 Qxa3 26. Rxc8+ Kxc8 27. Kf1 1-0